Normal view
MARC view
- Philaurī, Sharadhā Rāma
Entry Personal Name
001 - CONTROL NUMBER
- control field: 49193
003 - CONTROL NUMBER IDENTIFIER
- control field: NUST
005 - DATE AND TIME OF LATEST TRANSACTION
- control field: 20210314134257.0
008 - FIXED-LENGTH DATA ELEMENTS
- fixed length control field: 210314|| aca||aabn | a|a d
040 ## - CATALOGING SOURCE
- Original cataloging agency: NUST
- Transcribing agency: NUST
100 ## - HEADING--PERSONAL NAME
- Personal name: Philaurī, Sharadhā Rāma
670 ## - SOURCE DATA FOUND
- Source citation: Work cat.: (NUST): Philaurī, Sharadhā Rāma,, History of the Sikhs; or Translation of the Sikkhan de raj de vikhia, as laid down for the examination in Panjabi, and containing narratives of the ten Gurús, history of the Sikhs from the rise of Mahárája Ranjít Singh to the occupation of the Panjáb, by the English, a short resumé of the customs, rites, songs, and proverbs of the Sikhs, and twenty discourses regarding events in the life of Gurú Nának, taken from the Janam Sakhi, or Life of Nának. Together with a short Gurmukhi grammar, and an appendix containing some useful technical words, in roman character., 1888.
